Reliez les Ministres de la Santé à leur Président (Ve République) - Statistiques

Statistiques générales
  • Ce quiz a été pris 84 fois
  • Le résultat moyen est 7 sur 20
Statistiques - réponses
Hint Réponse % Correct
Olivier Véran Emmanuel Macron
78%
Agnès Buzyn Emmanuel Macron
75%
Marisol Touraine François Hollande
74%
Roselyne Bachelot-Narquin Nicolas Sarkozy
70%
Simone Veil Valéry Giscard d'Estaing
61%
Aurélien Rousseau Emmanuel Macron
42%
Claude Évin François Mitterrand
41%
Raymond Marcellin Charles de Gaulle
38%
Jean-François Mattéi Jacques Chirac
38%
Michèle Barzach François Mitterrand
30%
Edmond Hervé François Mitterrand
30%
Xavier Bertrand Jacques Chirac
30%
Hervé Gaymard Jacques Chirac
22%
Bernard Kouchner Jacques Chirac
22%
Bruno Durieux François Mitterrand
17%
Robert Boulin Georges Pompidou
17%
Dominique Gillot Jacques Chirac
16%
Nora Berra Nicolas Sarkozy
14%
Jacques Barrot Valéry Giscard d'Estaing
12%
Philippe Douste-Blazy François Mitterrand
10%
Aucun quiz correspondant
Distribution des résultats
% des personnes avec chaque résultat
Percentile par nombre de réponses
Votre historique - résultats
Vous n’avez pas pris ce quiz